000 00535nam a22001577a 4500
003 macl
005 20200716161058.0
008 200716b xxu||||| |||| 00| 0 eng d
040 _cmacl
082 _a900
100 _aगुप्‍ता ,डॉ .मो‍हनलाल
_979011
245 _aराजस्‍थान के ऐतिहासिक दुर्ग
260 _aजोधपुर
_bराजस्‍थानी ग्रंथागार
_c2017
630 _lइतिहास
_973164
942 _2ddc
_cHIN
999 _c62669
_d62669